| 000 | 00573nam a2200193Ia 4500 | ||
|---|---|---|---|
| 005 | 20250326144358.0 | ||
| 008 | 250326s9999 xx 000 0 und d | ||
| 020 | _a978-0-230-52556-6 | ||
| 037 | _aTextbook | ||
| 040 |
_aFMSL _beng _cFMSL |
||
| 041 |
_aeng _2eng |
||
| 084 |
_aW:1 P8 _qFMSL |
||
| 100 |
_aLonazo J M _9749566 |
||
| 245 | 0 |
_aGovernments and corporate social responsibility _cLonazo J M; Alberta L And Others |
|
| 260 |
_aNY _bNY, Palgrave Macmillon _c2008 |
||
| 365 | _b4057.3499999999999 | ||
| 942 |
_cTB _hW:1 P8 |
||
| 999 |
_c1303490 _d1303490 |
||